One nation under guns : how gun culture distorts ... Read More
Available copies
- 1 of 1 copy available at LARL/NWRL Consortium.
- 1 of 1 copy available at Lake Agassiz Regional Library. (Show preferred library)
Current holds
1 current hold with 1 total copy.
Show Only Available Copies
| Location | Call Number / Copy Notes | Barcode | Shelving Location | Status | Due Date |
|---|---|---|---|---|---|
| Detroit Lakes Public Library | 363.3309 ERD (Text) | 33500013944913 | Main | Available | - |
Record details
- ISBN: 9780593594315
- ISBN: 0593594312
- Physical Description: xviii, 267 pages ; 22 cm
- Edition: First edition.
- Publisher: New York : Crown, [2024]
Content descriptions
| Bibliography, etc. Note: | Includes bibliographical references and index. |
| Formatted Contents Note: | Prologue: You're next -- The myth of law-abiding ... Read More |
| Summary, etc.: | "This takedown of American gun culture argues that ... Read More |
Search for related items by subject
| Subject: | Firearms > Social aspects > United States. Firearms > Law and legislation > United States. Gun control > United States. |
| LDR | 04329cam a2200505 i 4500 | ||
|---|---|---|---|
| 001 | 432079 | ||
| 003 | LARL_NWRL_CONSORTIUM | ||
| 005 | 20240304154009.0 | ||
| 008 | 230804s2024 nyu b 001 0 eng | ||
| 010 | . | ‡a 2023034012 | |
| 040 | . | ‡aDLC ‡beng ‡erda ‡cDLC ‡dORX ‡dOCLCF ‡dOCLCO ‡dYDX ‡dBDX ‡dIOU ‡dACN ‡dIUO ‡dZAE ‡dHQC ‡dYDX ‡dOCLCQ ‡dZ35 | |
| 019 | . | ‡a1379220398 ‡a1417441499 ‡a1417605750 | |
| 020 | . | ‡a9780593594315 ‡qhardcover | |
| 020 | . | ‡a0593594312 ‡qhardcover | |
| 020 | . | ‡z9780593594322 ‡qelectronic book | |
| 035 | . | ‡a(OCoLC)1401626585 ‡z(OCoLC)1379220398 ‡z(OCoLC)1417441499 ‡z(OCoLC)1417605750 | |
| 042 | . | ‡apcc | |
| 043 | . | ‡an-us--- | |
| 082 | 0 | 0. | ‡a363.330973 ‡223/eng/20231002 |
| 100 | 1 | . | ‡aErdozain, Dominic, ‡eauthor. |
| 245 | 1 | 0. | ‡aOne nation under guns : ‡bhow gun culture distorts our history and threatens our democracy / ‡cDominic Erdozain. |
| 246 | 3 | 0. | ‡aHow gun culture distorts our history and threatens our democracy |
| 250 | . | ‡aFirst edition. | |
| 264 | 1. | ‡aNew York : ‡bCrown, ‡c[2024] | |
| 300 | . | ‡axviii, 267 pages ; ‡c22 cm | |
| 336 | . | ‡atext ‡btxt ‡2rdacontent | |
| 337 | . | ‡aunmediated ‡bn ‡2rdamedia | |
| 338 | . | ‡avolume ‡bnc ‡2rdacarrier | |
| 520 | . | ‡a"This takedown of American gun culture argues that the nation's fathers did not intend the Second Amendment to guarantee an individual right to bear arms--and that this intentional distortion of the record is an urgent threat to democracy. Hundreds of lives are lost to firearms every day in America. The cost is more than the numbers--it is also the fear, the anxiety, the dread of public spaces that an armed society has created under the tortured rubric of freedom. But the norms of today are not the norms of American history or the values of its Founders. They are the product of a gun culture that has imposed its vision on a sleeping nation. Historian Dominic Erdozain argues that we have wrongly ceded the big-picture argument on guns--as we parse legislation on background checks and automatic weapons bans, we fail to ask: Do individual gun rights have any place at all in American democracy? Taking readers on a brilliant historical journey, Erdozain shows how the Founders feared the tyranny of individuals as much as the tyranny of kings--the idea that any person had a right to walk around armed was anathema to their notion of freedom and the enduring republic they hoped to build. They baked these ideas into the Constitution and the Bill of Rights, ideas that were subsequently affirmed as bedrock by two centuries of jurisprudence. And yet: the twin scourges of America's sickness on race and its near-religious nationalism would work in tandem to create an alternate, darker vision of American freedom. This vision was defined by a mystic conception of good guys and bad guys, underpinned by a host of assumptions about innocence and guilt, power and entitlement. By the time the US Supreme Court essentially invented an individual gun right in 2008 by torturing the words of the Second Amendment in Heller--a decision that Erdozain convincingly eviscerates--many Americans had already acceded to gun activists' perverse unfreedom. To save our democracy, he argues, we must fight for the Founders' true idea of what it means to be free"-- ‡cProvided by publisher. | |
| 504 | . | ‡aIncludes bibliographical references and index. | |
| 505 | 0 | 0. | ‡tPrologue: You're next -- ‡tThe myth of law-abiding citizen -- ‡tLiberty as life: the second amendment you never knew -- ‡tThe pistol and the lash -- ‡tPatriots -- ‡tThe birth of a gun lobby -- ‡tGuns against America -- ‡tA state of war -- ‡tDeath by dictionary -- ‡tThe future of freedom. |
| 650 | 0. | ‡aFirearms ‡xSocial aspects ‡zUnited States. | |
| 650 | 0. | ‡aFirearms ‡xLaw and legislation ‡zUnited States. ‡0(LARL_NWRL_CONSORTIUM)165063 | |
| 650 | 0. | ‡aGun control ‡zUnited States. ‡0(LARL_NWRL_CONSORTIUM)165537 | |
| 776 | 0 | 8. | ‡iOnline version: ‡aErdozain, Dominic. ‡tOne nation under guns ‡bFirst edition. ‡dNew York : Crown, [2024] ‡z9780593594322 ‡w(DLC) 2023034013 |
| 905 | . | ‡uvanderl | |
| 901 | . | ‡a432079 ‡bAUTOGEN ‡c432079 ‡tbiblio ‡soclc | |

Add to basket
Permalink
Disable Highlighting